Llwytho...
Damages in contracts and convention on international sale of goods,1980 /
| Prif Awdur: | |
|---|---|
| Fformat: | Printed Book |
| Cyhoeddwyd: |
CALSAR,University of Kerala,
2018.
|
| LEADER | 00436nam a22001217a 4500 | ||
|---|---|---|---|
| 082 | |a 340-T |b OMO.D | ||
| 100 | |a Omolsalameh Pakuhinezhad. | ||
| 245 | |a Damages in contracts and convention on international sale of goods,1980 / | ||
| 260 | |b CALSAR,University of Kerala, |c 2018. | ||
| 300 | |a 328 p. : | ||
| 942 | |c BK | ||
| 999 | |c 315683 |d 315683 | ||
| 952 | |0 0 |1 0 |4 0 |6 340T_OMO_D |7 0 |9 337639 |a LAW |b LAW |d 2020-12-01 |l 0 |o 340-T OMO.D |p LAWT566 |r 2020-12-01 |w 2020-12-01 |y BK | ||